| 000 | 00605nmc a2200241 a 4500 | ||
|---|---|---|---|
| 003 | AR-BaBNM | ||
| 005 | 20251128211351.0 | ||
| 008 | 044020s1999 ||||||||||||||000 | spa|| | ||
| 020 | _a987-9243-40-4 | ||
| 040 | _cAR-BaBNM | ||
| 100 | 1 | _aDi Marzo, Laura | |
| 245 | 1 | 0 | _aTelaraƱas |
| 260 |
_aBuenos Aires _bEdiciones Simurg _c1999 |
||
| 300 | _a119 p. | ||
| 490 | 0 | _aNarradoras argentinas | |
| 650 | 4 | _aLITERATURA ARGENTINA | |
| 650 | 4 | _aLITERATURA CONTEMPORANEA | |
| 653 | _aNARRATIVA | ||
| 655 | _aLITERATURA | ||
| 700 | 1 |
_aPampillo, Gloria _eprologuista |
|
| 942 | _cBK | ||
| 998 | _cmartin | ||
| 999 |
_c19366 _d19366 |
||